000 00247nam a2200097Ia 4500
008 200302s9999 xx 000 0 und d
100 _aAuthor
245 _aGreen Peace viionaries Rabindranath and Geddes
260 _bMohor Publication
260 _c2008
999 _c5867
_d5867